Causar-se d'esperar / (Record no. 65993)

MARC details
000 -LEADER
campo de control de longitud fija 00531nam a2200193 i 4500
001 - NÚMERO DE CONTROL
campo de control 65993
003 - IDENTIFICADOR DE NÚMERO DE CONTROL
campo de control ES-MaACL
005 - FECHA Y HORA DE LA ÚLTIMA TRANSACCIÓN
campo de control 20250912063043.0
007 - CAMPO FIJO DE DESCRIPCIÓN FÍSICA--INFORMACIÓN GENERAL
campo de control de longitud fija t|
008 - DATOS DE LONGITUD FIJA--INFORMACIÓN GENERAL
campo de control de longitud fija 040126s1965 sp ||||1| cat d
100 1# - ENTRADA PRINCIPAL--NOMBRE DE PERSONA
Nombre de persona Fuster, Joan,
Fechas asociadas al nombre 1922-1992
9 (RLIN) 163689
245 10 - MENCIÓN DEL TÍTULO
Título Causar-se d'esperar /
Mención de responsabilidad, etc. Joan Fuster.
260 ## - PUBLICACIÓN, DISTRIBUCIÓN, ETC.
Lugar de publicación, distribución, etc. Barcelona :
Nombre del editor, distribuidor, etc. A.C,
Fecha de publicación, distribución, etc. [1965]
300 ## - DESCRIPCIÓN FÍSICA
Extensión 233 p. ;
Dimensiones 20 cm.
490 1# - MENCIÓN DE SERIE
Mención de serie Cara i creu ;
Designación de volumen o secuencia 4
830 0# - PUNTO DE ACCESO ADICIONAL DE SERIE-TÍTULO UNIFORME
Título uniforme Cara i creu ;
Designación de volumen o secuencia 4
9 (RLIN) 181854
852 ## - LOCALIZACIÓN
Ubicación ES-MaACL
Número de control de estantería C-27496
Sublocalización o colección R.56586
Holdings
Estatus retirado Estado de pérdida Estado de daño No para préstamo Biblioteca de origen Biblioteca actual Ubicación en estantería Fecha de adquisición Fuente de adquisición Total de préstamos Signatura topográfica completa Código de barras Visto por última vez Precio de reemplazo Tipo de ítem Koha
        Biblioteca del Ateneo de Madrid Biblioteca del Ateneo de Madrid Depósito 2 17/01/2008     C-27496 1069135 23/02/2023 23/02/2023 Libro impreso